Ganithatmaka Arthashastra ಗಣಿತಾತ್ಮಕ ಅರ್ಥಶಾಸ್ತ್ರ (Record no. 226144)
[ view plain ]
| 000 -LEADER | |
|---|---|
| fixed length control field | 00801nam a22002297a 4500 |
| 005 - DATE AND TIME OF LATEST TRANSACTION | |
| control field | 20230102134401.0 |
| 008 - FIXED-LENGTH DATA ELEMENTS--GENERAL INFORMATION | |
| fixed length control field | 230102b ||||| |||| 00| 0 eng d |
| 020 ## - INTERNATIONAL STANDARD BOOK NUMBER | |
| International Standard Book Number | 9789385682995 |
| 040 ## - CATALOGING SOURCE | |
| Transcribing agency | AL |
| 041 ## - LANGUAGE CODE | |
| Language code of text/sound track or separate title | English |
| 082 ## - DEWEY DECIMAL CLASSIFICATION NUMBER | |
| Edition number | 23 |
| Classification number | 510.2433K |
| Item number | LOBG |
| 100 ## - MAIN ENTRY--PERSONAL NAME | |
| Personal name | Norbert Lobo ನೋಬರ್ಟ್ ಲೋಬೊ |
| 100 ## - MAIN ENTRY--PERSONAL NAME | |
| 9 (RLIN) | 68059 |
| 245 ## - TITLE STATEMENT | |
| Title | Ganithatmaka Arthashastra ಗಣಿತಾತ್ಮಕ ಅರ್ಥಶಾಸ್ತ್ರ |
| 260 ## - PUBLICATION, DISTRIBUTION, ETC. | |
| Place of publication, distribution, etc. | Mangaluru |
| Name of publisher, distributor, etc. | United Agencies ಯುನೈಟೆಡ್ ಏಜೆನ್ಸಿಸ್ |
| Date of publication, distribution, etc. | 2022 |
| 300 ## - PHYSICAL DESCRIPTION | |
| Extent | 176 p. |
| Other physical details | PB |
| Dimensions | 21x13 cm. |
| 365 ## - TRADE PRICE | |
| Price type code | 6672 |
| Price amount | ₹128.00 |
| Currency code | ₹ |
| Unit of pricing | ₹160.00 |
| Price note | 20% |
| Price effective from | 16-12-2022 |
| 650 ## - SUBJECT ADDED ENTRY--TOPICAL TERM | |
| Topical term or geographic name entry element | Mathematical Economics |
| 9 (RLIN) | 68060 |
| 650 ## - SUBJECT ADDED ENTRY--TOPICAL TERM | |
| Topical term or geographic name entry element | III Sem B A |
| 9 (RLIN) | 68061 |
| 650 ## - SUBJECT ADDED ENTRY--TOPICAL TERM | |
| Topical term or geographic name entry element | NEP |
| 9 (RLIN) | 68062 |
| 700 ## - ADDED ENTRY--PERSONAL NAME | |
| Personal name | LOBO (Norbert) |
| 9 (RLIN) | 68063 |
| 942 ## - ADDED ENTRY ELEMENTS (KOHA) | |
| Source of classification or shelving scheme | Dewey Decimal Classification |
| Koha item type | Book |
| Withdrawn status | Lost status | Source of classification or shelving scheme | Damaged status | Not for loan | Collection code | Home library | Current library | Date acquired | Source of acquisition | Cost, normal purchase price | Total Checkouts | Full call number | Barcode | Date last seen | Cost, replacement price | Price effective from | Koha item type |
|---|---|---|---|---|---|---|---|---|---|---|---|---|---|---|---|---|---|
| Dewey Decimal Classification | Economics | St Aloysius Library | St Aloysius Library | 12/21/2022 | Biblios Book Point Surathkal Mangalore 575014 | 128.00 | 510.2433K LOBG | 076295 | 01/02/2023 | 160.00 | 01/02/2023 | Book | |||||
| Dewey Decimal Classification | Economics | St Aloysius Library | St Aloysius Library | 12/21/2022 | Biblios Book Point Surathkal Mangalore 575014 | 128.00 | 510.2433K LOBG | 076296 | 01/02/2023 | 160.00 | 01/02/2023 | Book |